Database management systems : as per VTU syllabus MCA 3rd sem (Record no. 183300)

MARC details
000 -LEADER
fixed length control field 00428nam a2200145Ia 4500
008 - FIXED-LENGTH DATA ELEMENTS--GENERAL INFORMATION
fixed length control field 231217s9999 xx 000 0 und d
041 ## - LANGUAGE CODE
Language code of text/sound track or separate title English
082 ## - DEWEY DECIMAL CLASSIFICATION NUMBER
Classification number 001.644 MAL;2
100 ## - MAIN ENTRY--PERSONAL NAME
Personal name Mallesh, Adicherla
245 #0 - TITLE STATEMENT
Title Database management systems : as per VTU syllabus MCA 3rd sem
260 ## - PUBLICATION, DISTRIBUTION, ETC.
Date of publication, distribution, etc. 2008
Name of publisher, distributor, etc. Professional Publishers
Place of publication, distribution, etc. Hyderabad
300 ## - PHYSICAL DESCRIPTION
Extent x+7.35
650 ## - SUBJECT ADDED ENTRY--TOPICAL TERM
Topical term or geographic name entry element Database,management, syllabu, M
942 ## - ADDED ENTRY ELEMENTS (KOHA)
Koha item type Books
Holdings
Date last seen Total checkouts Full call number Accession number Price effective from Category Lost status Damaged status Department Withdrawn status Home library Current library Shelving location Entry date Vendor Grants Billdate Currency symbol Conversion rate Discount Old discount
26/01/2024   001.644 MAL;2 54468 26/01/2024 Books     MCA   Central Library Central Library MCA 18/06/2009 Publisher DONATED 07/01/2013 RS 1    

© For any Suggestions or Query, please contact the library staff @ librarian@pes.edu or Phone: +9180 2672 1983/ 2108.